000 00607nam a2200205Ia 4500
005 20250508165011.0
008 008 250505s9999 xx 000 0 eng d
020 _a0978-0-415-43878-0
037 _aReference
040 _aFEDL
_beng
_cFEDL
041 _aeng
_2eng
084 _a510.71, BIS/RR
_qFEDL
100 _aBishop Alan J Ed.
245 0 _aMathematics education : Major themes in education. 4 Vol.
260 _aLondon, UK
_bRoutledge Taylor and Francis Group
_c2010
365 _aGBP
_b575
490 _vVol. 1
942 _cREF
_h510.71, BIS/RR
999 _c1392573
_d1392573